| 000 | 00863nam a22002417a 4500 | ||
|---|---|---|---|
| 999 |
_c8766 _d8766 |
||
| 003 | AR-CdUCM | ||
| 008 | 190325b ||||| |||| 00| 0 spa d | ||
| 020 | _a9972-9534-0-9 | ||
| 040 |
_aMUNICIPALIDAD PROVINCIAL DEL CUSCO _cBIBLIOTECA MUNICIPAL DEL CUSCO |
||
| 082 |
_a985.63 / _bH77 |
||
| 100 |
_aHostnig, Rainer _91118 |
||
| 245 | _aBibliografía del departamento de Apurímac - Perú / | ||
| 260 |
_aLima : _bTypographics, _c2002. |
||
| 300 |
_a452 páginas ; _c24 cm. |
||
| 505 | _aContenido : Presentación y guía -- Principales bibliotecas y centros de documentación peruanos que poseen publicaciones sobre el Departamento de Apurímac... | ||
| 650 |
_aBibliotecas _99488 |
||
| 650 |
_aApurímac _91025 |
||
| 650 |
_aBibliografías _9991 |
||
| 700 |
_aRossana Hosting _924455 |
||
| 710 |
_aCONCYTEC _92809 |
||
| 942 |
_2ddc _cLIBROS |
||
| 945 | _admma | ||